LIBRARY & INFORMATION CENTRE, KCAET, TAVANUR

ONLINE PUBLIC ACCESS CATALOGUE (OPAC)

Evaluation of water harvesting potential of dead quarries - a study (Record no. 15199)

MARC details
000 -LEADER
fixed length control field 00696nam a22002057a 4500
003 - CONTROL NUMBER IDENTIFIER
control field OSt
088 ## - REPORT NUMBER
Report number P 145
100 ## - MAIN ENTRY--AUTHOR NAME
Personal name BEENA FRANCIS
245 ## - TITLE STATEMENT
Title Evaluation of water harvesting potential of dead quarries - a study
260 ## - PUBLICATION, DISTRIBUTION, ETC. (IMPRINT)
Place of publication Tavanur 2004
Name of publisher Kelappaji College of Agricultural Engineering and Technology
300 ## - PHYSICAL DESCRIPTION
Number of Pages 86
500 ## - GENERAL NOTE
General note Evaluation of water harvesting potential of dead quarries - a study
520 ## - SUMMARY, ETC.
Summary, etc Evaluation of water harvesting potential of dead quarries - a study
700 ## - ADDED ENTRY--PERSONAL NAME
Personal name Benzila Beegum B
700 ## - ADDED ENTRY--PERSONAL NAME
Personal name Brijo Wilson
700 ## - ADDED ENTRY--PERSONAL NAME
Personal name Senan Marian
700 ## - ADDED ENTRY--PERSONAL NAME
Personal name Er. Rema K. P (Guide)
942 ## - ADDED ENTRY ELEMENTS (KOHA)
Koha item type Project Report
Holdings
Collection code Home library Current library Shelving location Full call number Accession Number Koha item type
Reference KAUAET KAUAET Reference 631.75807 BEE/EV P 145 Project Report
free website counter